| 000 | 00361cam a2200145ua 4500 | ||
|---|---|---|---|
| 041 |
_aeng _h |
||
| 082 |
_a575 _bCAR/HU |
||
| 100 | _aCarter, G S . | ||
| 245 |
_aHundred years of evolution / _cG S Carter. _hTextual Documents |
||
| 260 |
_aLondon : _bSidgwick & Jackson Ltd , _c1960. |
||
| 300 | _a206 ; . | ||
| 504 | _a | ||
| 942 | _cBK | ||
| 999 |
_c10618 _d10618 |
||